Change : threat or opportunity for human progress?:

Αποθηκεύτηκε σε:
Λεπτομέρειες βιβλιογραφικής εγγραφής
Άλλοι συγγραφείς: Kirdar, Uner 1933-
Μορφή: Βιβλίο
Γλώσσα:English
Δημοσίευση: New York : United Nations, 1992
Θέματα:
Ετικέτες: Προσθήκη ετικέτας
Δεν υπάρχουν, Καταχωρήστε ετικέτα πρώτοι!

MARC

LEADER 00000nam a2200000 i 4500
001 1/93915
008 991123s1992 eng d
020 |a 92-1-126028-0 
035 |l 10054594 
040 |a GR-MY-UA  |b gre  |e aacr 
041 0 |a eng 
082 0 |a 333.7 
245 1 0 |a Change :  |b threat or opportunity for human progress?: /  |c Edited by Uner Kirdar 
260 |a New York :   |b United Nations,   |c 1992 
300 |a 218 p. 
650 0 0 |a Economic development  |x Environmental aspects. 
700 1 |a Kirdar, Uner  |d 1933- 
852 |a INST  |b LESVOS  |e 19991123  |h 333.7 CHA  |p 005100018921  |q 005100018921  |t BK  |y 0 
901 |a BIBL1-1999-3 
909 |a Λ  |b 070808 
922 |a 1ΕΛΗ  |b 199911  |c ΚΠΣ/ΠΜΣ  |d ΠΑΠΑΣΩΤΗΡΙΟΥ 
950 |a 157-1999-10-15 
970 |a ΜΟΥΣΤΑΚΑ  |b ΠΗΝΕΛΟΠΗ  |z 1999/12/08